Zamestnanosť vo verejnej správe
Skončenie pracovného pomeru. Nárok na odstupné. Ďalšie riešenia kariéry. Zamestnanie sa iného zamestnávateľa. Základné náležitosti pracovnej zmluvy. Začať podnikať. Zaevidovať sa na úrade práce. Nárok na podporu. Dávka v nezamestnanosti. Vyradenie z evidencie uchádzačov o zamestnanie. Dávky a príspe...
Na minha lista:
| Autor principal: | |
|---|---|
| Formato: | Capítulo de Livro |
| Idioma: | eslovaco |
| Assuntos: | |
| Tags: |
Sem tags, seja o primeiro a adicionar uma tag!
|
MARC
| LEADER | 00000naa$a2200000$$$4500 | ||
|---|---|---|---|
| 001 | 0072032 | ||
| 005 | 20231013072017.2 | ||
| 041 | 0 | |a slo | |
| 044 | |a SK | ||
| 245 | 1 | 0 | |a Zamestnanosť vo verejnej správe |c Miroslav Tichý |
| 520 | |a Skončenie pracovného pomeru. Nárok na odstupné. Ďalšie riešenia kariéry. Zamestnanie sa iného zamestnávateľa. Základné náležitosti pracovnej zmluvy. Začať podnikať. Zaevidovať sa na úrade práce. Nárok na podporu. Dávka v nezamestnanosti. Vyradenie z evidencie uchádzačov o zamestnanie. Dávky a príspevky v hmotnej núdzi. Jednorázová dávka v hmotnej núdzi. Odísť do dôchodku. Byť dobrovoľne nezamestnaným. | ||
| 610 | 2 | 0 | |a zamestnanosť |
| 610 | 2 | 0 | |a správa verejná |
| 610 | 2 | 0 | |a pomer pracovný |
| 610 | 2 | 0 | |a odstupné |
| 610 | 2 | 0 | |a zmluvy pracovné |
| 610 | 2 | 0 | |a nezamestnanosť |
| 610 | 2 | 0 | |a podpory v nezamestnanosti |
| 610 | 2 | 0 | |a príspevky sociálne |
| 100 | 1 | |a Tichý, Miroslav | |